[Event "9 Round Open"]
[Site "Enniscrone, Sligo, IE"]
[Date "2026.02.02"]
[Round "1"]
[White "Salmin, Vitaliy"]
[Black "Ivanov, Andrey A."]
[Result "0-1"]
[Board "12"]
[WhiteFideId "34147885"]
[BlackFideId "2514311"]
[BlackTitle "CM"]
[WhiteElo "1802"]
[BlackElo "2093"]
[WhiteTeam "IRL"]
[BlackTeam "IRL"]
[WhiteClock "0:00:41"]
[BlackClock "0:05:30"]
[Variant "Standard"]

1. e4 {[%clk 1:23:25]}  c5 {[%clk 1:30:59]} 2. d4 {[%clk 1:23:49]}  cxd4 {[%clk 1:31:26]} 3. c3 {[%clk 1:24:12]}  a6 {[%clk 1:31:53]} 4. Nf3 {[%clk 1:23:54]}  dxc3 {[%clk 1:31:43]} 5. Nxc3 {[%clk 1:24:17]}  e6 {[%clk 1:32:10]} 6. Bc4 {[%clk 1:24:27]}  Bb4 {[%clk 1:31:21]} 7. O-O {[%clk 1:23:29]}  Ne7 {[%clk 1:31:18]} 8. h4 {[%clk 1:09:40]}  Nbc6 {[%clk 1:26:17]} 9. Nd5 {[%clk 1:01:59]}  exd5 {[%clk 1:04:15]} 10. exd5 {[%clk 1:01:37]}  Na5 {[%clk 1:04:05]} 11. Be2 {[%clk 0:56:22]}  Bd6 {[%clk 0:49:56]} 12. a3 {[%clk 0:52:48]}  b5 {[%clk 0:49:53]} 13. Ng5 {[%clk 0:34:01]}  h6 {[%clk 0:37:19]} 14. Ne4 {[%clk 0:26:04]}  Be5 {[%clk 0:37:02]} 15. f4 {[%clk 0:19:41]}  Qb6+ {[%clk 0:35:59]} 16. Kh1 {[%clk 0:19:45]}  Bd4 {[%clk 0:36:13]} 17. d6 {[%clk 0:13:33]}  Bb7 {[%clk 0:31:31]} 18. Re1 {[%clk 0:01:44]}  Bxe4 {[%clk 0:30:00]} 19. Bf3 {[%clk 0:01:53]}  f5 {[%clk 0:17:36]} 20. Bxe4 {[%clk 0:02:19]}  fxe4 {[%clk 0:17:58]} 21. Rxe4 {[%clk 0:02:28]}  Qxd6 {[%clk 0:17:56]} 22. Rxd4 {[%clk 0:02:06]}  Qf6 {[%clk 0:18:14]} 23. Rxd7 {[%clk 0:01:36]}  O-O {[%clk 0:17:12]} 24. Qe1 {[%clk 0:01:28]}  Nac6 {[%clk 0:17:36]} 25. Bd2 {[%clk 0:01:29]}  Rfe8 {[%clk 0:14:33]} 26. Bc3 {[%clk 0:01:03]}  Qg6 {[%clk 0:13:21]} 27. Rad1 {[%clk 0:00:52]}  Nf5 {[%clk 0:10:47]} 28. Qd2 {[%clk 0:00:47]}  Rad8 {[%clk 0:09:34]} 29. Qd5+ {[%clk 0:00:47]}  Kh8 {[%clk 0:09:29]} 30. Qf3 {[%clk 0:00:57]}  Rxd7 {[%clk 0:08:08]} 31. Rxd7 {[%clk 0:01:25]}  Qe6 {[%clk 0:07:49]} 32. Rc7 {[%clk 0:01:20]}  Ncd4 {[%clk 0:07:49]} 33. Qf2 {[%clk 0:00:44]}  Ne2 {[%clk 0:05:52]} 34. Be5 {[%clk 0:01:01]}  Neg3+ {[%clk 0:06:09]} 35. Kh2 {[%clk 0:01:08]}  Ne4 {[%clk 0:06:02]} 36. Qa7 {[%clk 0:00:58]}  Nf6 {[%clk 0:06:18]} 37. g4 {[%clk 0:00:41]}  Nxg4+ {[%clk 0:05:30]} 0-1

[Event "9 Round Open"]
[Site "Enniscrone, Sligo, IE"]
[Date "2026.02.02"]
[Round "1"]
[White "Bartczak, Korneliusz"]
[Black "Dolan, Peter"]
[Result "1/2-1/2"]
[Board "13"]
[WhiteFideId "2523558"]
[BlackFideId "2413612"]
[WhiteElo "2077"]
[BlackElo "1781"]
[WhiteTeam "IRL"]
[BlackTeam "SCO"]
[WhiteClock "0:03:18"]
[BlackClock "0:06:41"]
[Variant "Standard"]

1. e4 {[%clk 1:30:54]}  c5 {[%clk 1:30:54]} 2. Nf3 {[%clk 1:30:33]}  e6 {[%clk 1:31:11]} 3. d4 {[%clk 1:30:07]}  cxd4 {[%clk 1:31:30]} 4. Nxd4 {[%clk 1:30:32]}  Nc6 {[%clk 1:31:47]} 5. Nb5 {[%clk 1:30:56]}  Nf6 {[%clk 1:31:38]} 6. N1c3 {[%clk 1:31:16]}  h6 {[%clk 1:25:00]} 7. Nd6+ {[%clk 1:29:27]}  Bxd6 {[%clk 1:25:05]} 8. Qxd6 {[%clk 1:29:46]}  Qe7 {[%clk 1:24:55]} 9. Qg3 {[%clk 1:29:05]}  Nd4 {[%clk 1:21:22]} 10. Bd3 {[%clk 1:27:48]}  d6 {[%clk 1:13:22]} 11. Be3 {[%clk 1:20:52]}  Nh5 {[%clk 1:05:53]} 12. Qg4 {[%clk 1:20:07]}  g6 {[%clk 1:06:13]} 13. Bxd4 {[%clk 1:19:58]}  e5 {[%clk 1:06:32]} 14. Qf3 {[%clk 1:20:11]}  exd4 {[%clk 1:06:44]} 15. Nd5 {[%clk 1:20:32]}  Qd8 {[%clk 1:04:23]} 16. Bb5+ {[%clk 1:17:24]}  Kf8 {[%clk 1:03:43]} 17. O-O {[%clk 1:14:43]}  Qg5 {[%clk 1:00:46]} 18. Qd3 {[%clk 1:04:09]}  Nf4 {[%clk 0:49:28]} 19. Nxf4 {[%clk 1:04:17]}  Qxf4 {[%clk 0:49:50]} 20. Qxd4 {[%clk 1:03:56]}  Qe5 {[%clk 0:50:09]} 21. Rad1 {[%clk 1:02:28]}  Ke7 {[%clk 0:49:42]} 22. Bc4 {[%clk 0:59:27]}  Be6 {[%clk 0:46:09]} 23. Bxe6 {[%clk 0:58:42]}  Qxd4 {[%clk 0:45:20]} 24. Rxd4 {[%clk 0:58:55]}  fxe6 {[%clk 0:43:35]} 25. Rfd1 {[%clk 0:58:13]}  Rhd8 {[%clk 0:43:08]} 26. Kf1 {[%clk 0:51:19]}  Rac8 {[%clk 0:42:19]} 27. c3 {[%clk 0:47:38]}  Rc5 {[%clk 0:37:46]} 28. Ke2 {[%clk 0:44:54]}  a5 {[%clk 0:34:30]} 29. R1d3 {[%clk 0:39:56]}  b5 {[%clk 0:31:30]} 30. a3 {[%clk 0:35:28]}  Rc4 {[%clk 0:26:17]} 31. Ke3 {[%clk 0:24:13]}  Rxd4 {[%clk 0:25:48]} 32. cxd4 {[%clk 0:23:31]}  a4 {[%clk 0:22:52]} 33. Rc3 {[%clk 0:21:54]}  Kd7 {[%clk 0:23:04]} 34. f4 {[%clk 0:18:29]}  Rb8 {[%clk 0:22:15]} 35. b4 {[%clk 0:18:30]}  axb3 {[%clk 0:21:42]} 36. Rxb3 {[%clk 0:18:56]}  Kc6 {[%clk 0:21:03]} 37. g4 {[%clk 0:17:20]}  Ra8 {[%clk 0:20:00]} 38. Rc3+ {[%clk 0:17:09]}  Kd7 {[%clk 0:19:58]} 39. Rb3 {[%clk 0:14:04]}  Ra4 {[%clk 0:19:22]} 40. Rxb5 {[%clk 0:11:50]}  Rxa3+ {[%clk 0:19:42]} 41. Kf2 {[%clk 0:12:03]}  Kc7 {[%clk 0:15:16]} 42. f5 {[%clk 0:07:37]}  exf5 {[%clk 0:12:58]} 43. gxf5 {[%clk 0:05:36]}  Kc6 {[%clk 0:12:59]} 44. Rb8 {[%clk 0:04:13]}  gxf5 {[%clk 0:13:12]} 45. exf5 {[%clk 0:04:36]}  Kd5 {[%clk 0:13:06]} 46. Re8 {[%clk 0:02:09]}  Rh3 {[%clk 0:11:14]} 47. Kg2 {[%clk 0:00:44]}  Rh5 {[%clk 0:11:26]} 48. f6 {[%clk 0:00:45]}  Rf5 {[%clk 0:10:56]} 49. Rf8 {[%clk 0:00:53]}  Kxd4 {[%clk 0:07:29]} 50. f7 {[%clk 0:01:10]}  Kd5 {[%clk 0:07:39]} 51. Rh8 {[%clk 0:00:36]}  Rxf7 {[%clk 0:07:54]} 52. Rxh6 {[%clk 0:01:04]}  Ke5 {[%clk 0:07:57]} 53. h4 {[%clk 0:01:08]}  d5 {[%clk 0:07:54]} 54. h5 {[%clk 0:00:55]}  d4 {[%clk 0:08:11]} 55. Rh8 {[%clk 0:01:00]}  d3 {[%clk 0:07:36]} 56. Rd8 {[%clk 0:01:01]}  Ke4 {[%clk 0:07:06]} 57. Kg3 {[%clk 0:01:17]}  Rf5 {[%clk 0:04:43]} 58. Kg4 {[%clk 0:00:51]}  Rd5 {[%clk 0:04:40]} 59. Rxd5 {[%clk 0:00:48]}  Kxd5 {[%clk 0:05:03]} 60. Kf3 {[%clk 0:01:13]}  Ke5 {[%clk 0:05:12]} 61. h6 {[%clk 0:01:34]}  Kf6 {[%clk 0:05:35]} 62. h7 {[%clk 0:02:01]}  Kg7 {[%clk 0:05:58]} 63. h8=B+ {[%clk 0:02:26]}  Kxh8 {[%clk 0:06:21]} 64. Ke3 {[%clk 0:02:53]}  d2 {[%clk 0:06:41]} 65. Kxd2 {[%clk 0:03:18]} 1/2-1/2

[Event "9 Round Open"]
[Site "Enniscrone, Sligo, IE"]
[Date "2026.02.02"]
[Round "1"]
[White "Kim, Jimin"]
[Black "Fernandez Manrique, Agustin"]
[Result "0-1"]
[Board "14"]
[WhiteFideId "13224271"]
[BlackFideId "2231000"]
[BlackTitle "CM"]
[WhiteElo "1776"]
[BlackElo "2038"]
[WhiteTeam "KOR"]
[BlackTeam "ESP"]
[WhiteClock "0:24:32"]
[BlackClock "0:48:17"]
[Variant "Standard"]

1. e4 {[%clk 1:27:02]}  e6 {[%clk 1:30:09]} 2. d4 {[%clk 1:26:59]}  d5 {[%clk 1:30:28]} 3. Nc3 {[%clk 1:27:21]}  Bb4 {[%clk 1:29:55]} 4. Nge2 {[%clk 1:27:15]}  Nc6 {[%clk 1:28:30]} 5. a3 {[%clk 1:27:15]}  Ba5 {[%clk 1:28:03]} 6. b4 {[%clk 1:27:21]}  Bb6 {[%clk 1:28:26]} 7. Bb2 {[%clk 1:27:04]}  Nf6 {[%clk 1:19:59]} 8. exd5 {[%clk 1:17:25]}  exd5 {[%clk 1:19:07]} 9. Na4 {[%clk 1:09:41]}  O-O {[%clk 1:18:22]} 10. Nxb6 {[%clk 1:03:15]}  axb6 {[%clk 1:18:38]} 11. Ng3 {[%clk 1:03:05]}  Re8+ {[%clk 1:15:14]} 12. Be2 {[%clk 1:02:21]}  Ne7 {[%clk 1:13:39]} 13. O-O {[%clk 1:01:34]}  Nf5 {[%clk 1:06:14]} 14. Nxf5 {[%clk 0:52:49]}  Bxf5 {[%clk 1:05:40]} 15. Re1 {[%clk 0:51:52]}  Qd6 {[%clk 1:03:10]} 16. Qc1 {[%clk 0:39:25]}  Re7 {[%clk 0:59:31]} 17. Bd3 {[%clk 0:28:18]}  Bxd3 {[%clk 0:57:47]} 18. cxd3 {[%clk 0:27:13]}  Rae8 {[%clk 0:52:10]} 19. Qd2 {[%clk 0:25:55]}  Ng4 {[%clk 0:48:41]} 20. g3 {[%clk 0:24:32]}  Qh6 {[%clk 0:48:17]} 0-1

[Event "9 Round Open"]
[Site "Enniscrone, Sligo, IE"]
[Date "2026.02.02"]
[Round "1"]
[White "Barnes, Oliver"]
[Black "Ranade, Akshay"]
[Result "1-0"]
[Board "15"]
[WhiteFideId "2517604"]
[BlackFideId "2515270"]
[WhiteElo "2013"]
[BlackElo "1723"]
[WhiteTeam "IRL"]
[BlackTeam "IRL"]
[WhiteClock "0:32:17"]
[BlackClock "0:22:12"]
[Variant "Standard"]

1. e4 {[%clk 1:30:55]}  c6 {[%clk 1:30:27]} 2. Nc3 {[%clk 1:31:19]}  d5 {[%clk 1:27:03]} 3. Nf3 {[%clk 1:31:36]}  Nf6 {[%clk 1:20:34]} 4. e5 {[%clk 1:30:07]}  Ne4 {[%clk 1:20:56]} 5. d4 {[%clk 1:29:09]}  c5 {[%clk 1:12:11]} 6. Bd3 {[%clk 1:09:03]}  Nxc3 {[%clk 1:05:25]} 7. bxc3 {[%clk 1:07:04]}  c4 {[%clk 1:05:17]} 8. Be2 {[%clk 1:07:28]}  Qa5 {[%clk 0:52:53]} 9. Bd2 {[%clk 1:06:35]}  e6 {[%clk 0:50:38]} 10. h4 {[%clk 1:05:41]}  Nd7 {[%clk 0:47:39]} 11. h5 {[%clk 1:04:30]}  Ba3 {[%clk 0:44:41]} 12. h6 {[%clk 1:02:12]}  g6 {[%clk 0:44:57]} 13. Ng5 {[%clk 0:56:47]}  Nb6 {[%clk 0:40:21]} 14. Rh3 {[%clk 0:56:02]}  Na4 {[%clk 0:39:49]} 15. Bg4 {[%clk 0:47:40]}  Bb2 {[%clk 0:38:15]} 16. Qf3 {[%clk 0:45:41]}  f5 {[%clk 0:25:54]} 17. exf6 {[%clk 0:45:34]}  Bxa1 {[%clk 0:25:32]} 18. f7+ {[%clk 0:44:54]}  Ke7 {[%clk 0:25:09]} 19. Nxh7 {[%clk 0:37:10]}  Bd7 {[%clk 0:22:15]} 20. Qf6+ {[%clk 0:35:47]}  Kd6 {[%clk 0:22:24]} 21. f8=Q+ {[%clk 0:32:35]}  Raxf8 {[%clk 0:22:05]} 22. Nxf8 {[%clk 0:32:48]}  Rxf8 {[%clk 0:21:28]} 23. Qxf8+ {[%clk 0:32:23]}  Kc6 {[%clk 0:21:49]} 24. h7 {[%clk 0:32:09]}  Bxc3 {[%clk 0:22:12]} 25. Rxc3 {[%clk 0:32:17]} 1-0

[Event "9 Round Open"]
[Site "Enniscrone, Sligo, IE"]
[Date "2026.02.02"]
[Round "1"]
[White "Konig, Jon"]
[Black "Halvorsen, Benjamin"]
[Result "0-1"]
[Board "16"]
[WhiteFideId "343468780"]
[BlackFideId "1516604"]
[WhiteElo "1661"]
[BlackElo "2007"]
[WhiteTeam "ENG"]
[BlackTeam "NOR"]
[WhiteClock "0:30:12"]
[BlackClock "0:18:56"]
[Variant "Standard"]

1. e4 {[%clk 1:30:53]}  c5 {[%clk 1:30:51]} 2. g3 {[%clk 1:31:15]}  Nc6 {[%clk 1:31:08]} 3. Bg2 {[%clk 1:31:37]}  g6 {[%clk 1:31:26]} 4. Ne2 {[%clk 1:31:52]}  Bg7 {[%clk 1:31:46]} 5. O-O {[%clk 1:31:56]}  e5 {[%clk 1:31:17]} 6. c3 {[%clk 1:32:16]}  Nge7 {[%clk 1:31:06]} 7. d3 {[%clk 1:31:53]}  O-O {[%clk 1:28:04]} 8. Be3 {[%clk 1:32:02]}  d6 {[%clk 1:28:21]} 9. Na3 {[%clk 1:29:53]}  f5 {[%clk 1:22:03]} 10. exf5 {[%clk 1:29:01]}  Nxf5 {[%clk 1:18:26]} 11. Qd2 {[%clk 1:29:11]}  Be6 {[%clk 1:15:50]} 12. Nc2 {[%clk 1:28:52]}  Nxe3 {[%clk 1:05:20]} 13. Qxe3 {[%clk 1:28:04]}  Qd7 {[%clk 1:04:30]} 14. d4 {[%clk 1:26:54]}  cxd4 {[%clk 1:03:23]} 15. cxd4 {[%clk 1:27:11]}  Bh3 {[%clk 1:02:10]} 16. Qb3+ {[%clk 1:20:00]}  Rf7 {[%clk 0:50:14]} 17. Bxh3 {[%clk 1:10:08]}  Qxh3 {[%clk 0:50:34]} 18. Qd5 {[%clk 1:10:13]}  Qf5 {[%clk 0:43:20]} 19. Rac1 {[%clk 1:09:51]}  Rd8 {[%clk 0:32:36]} 20. Ne3 {[%clk 0:54:32]}  Qd3 {[%clk 0:29:31]} 21. Rfe1 {[%clk 0:50:48]}  Nxd4 {[%clk 0:26:24]} 22. Nxd4 {[%clk 0:51:01]}  Qxd4 {[%clk 0:26:02]} 23. Qb3 {[%clk 0:50:08]}  Qb6 {[%clk 0:24:25]} 24. Qxb6 {[%clk 0:48:30]}  axb6 {[%clk 0:24:42]} 25. Nd5 {[%clk 0:48:50]}  Ra8 {[%clk 0:24:15]} 26. a3 {[%clk 0:48:42]}  Ra5 {[%clk 0:24:00]} 27. Rc8+ {[%clk 0:40:56]}  Rf8 {[%clk 0:23:29]} 28. Rxf8+ {[%clk 0:34:10]}  Kxf8 {[%clk 0:23:46]} 29. Nxb6 {[%clk 0:34:30]}  Ke7 {[%clk 0:20:00]} 30. f4 {[%clk 0:32:09]}  Ke6 {[%clk 0:18:15]} 31. fxe5 {[%clk 0:32:26]}  Rxe5 {[%clk 0:18:09]} 32. Rxe5+ {[%clk 0:31:10]}  Bxe5 {[%clk 0:18:32]} 33. b3 {[%clk 0:30:12]}  Bd4+ {[%clk 0:18:56]} 0-1

[Event "9 Round Open"]
[Site "Enniscrone, Sligo, IE"]
[Date "2026.02.02"]
[Round "1"]
[White "Woods, Yannick"]
[Black "Vitiukov, Mikhail"]
[Result "1-0"]
[Board "17"]
[WhiteFideId "2518384"]
[BlackFideId "14168839"]
[WhiteElo "1971"]
[BlackElo "1650"]
[WhiteTeam "IRL"]
[BlackTeam "UKR"]
[WhiteClock "0:16:39"]
[BlackClock "0:08:54"]
[Variant "Standard"]

1. d4 {[%clk 1:30:57]}  d6 {[%clk 1:30:52]} 2. c4 {[%clk 1:30:49]}  Nf6 {[%clk 1:30:14]} 3. Nc3 {[%clk 1:31:11]}  c6 {[%clk 1:29:12]} 4. e4 {[%clk 1:31:28]}  Nbd7 {[%clk 1:29:04]} 5. Be2 {[%clk 1:29:20]}  e5 {[%clk 1:28:46]} 6. Be3 {[%clk 1:24:12]}  Be7 {[%clk 1:20:17]} 7. d5 {[%clk 1:18:56]}  Qa5 {[%clk 1:11:57]} 8. Qc2 {[%clk 1:13:19]}  O-O {[%clk 0:52:46]} 9. Nf3 {[%clk 1:00:34]}  Ng4 {[%clk 0:50:13]} 10. Bd2 {[%clk 1:00:31]}  Qb6 {[%clk 0:45:32]} 11. O-O {[%clk 1:00:24]}  Nc5 {[%clk 0:28:17]} 12. h3 {[%clk 0:46:28]}  f5 {[%clk 0:24:23]} 13. hxg4 {[%clk 0:39:43]}  fxg4 {[%clk 0:22:03]} 14. Ne1 {[%clk 0:37:29]}  Bh4 {[%clk 0:18:09]} 15. Be3 {[%clk 0:35:33]}  Bxf2+ {[%clk 0:18:34]} 16. Rxf2 {[%clk 0:35:00]}  Rxf2 {[%clk 0:18:34]} 17. Bxf2 {[%clk 0:34:29]}  g3 {[%clk 0:16:49]} 18. Be3 {[%clk 0:34:46]}  Qd8 {[%clk 0:17:04]} 19. Bxc5 {[%clk 0:18:33]}  dxc5 {[%clk 0:17:29]} 20. Qd3 {[%clk 0:18:41]}  Qh4 {[%clk 0:17:05]} 21. Nf3 {[%clk 0:18:52]}  Qf4 {[%clk 0:17:31]} 22. dxc6 {[%clk 0:19:05]}  bxc6 {[%clk 0:11:50]} 23. Qd8+ {[%clk 0:19:06]}  Kf7 {[%clk 0:12:08]} 24. Ng5+ {[%clk 0:15:46]}  Kg6 {[%clk 0:12:10]} 25. Qe8+ {[%clk 0:15:54]}  Kxg5 {[%clk 0:11:00]} 26. Qh5+ {[%clk 0:16:15]}  Kf6 {[%clk 0:11:25]} 27. Rf1 {[%clk 0:16:35]}  g5 {[%clk 0:08:26]} 28. Qh6+ {[%clk 0:15:59]}  Ke7 {[%clk 0:08:33]} 29. Rxf4 {[%clk 0:16:05]}  gxf4 {[%clk 0:08:55]} 30. Qxc6 {[%clk 0:16:28]}  Rb8 {[%clk 0:08:54]} 31. Nd5+ {[%clk 0:16:39]} 1-0

[Event "9 Round Open"]
[Site "Enniscrone, Sligo, IE"]
[Date "2026.02.02"]
[Round "1"]
[White "Armstrong, Chris"]
[Black "Fathallah, Joe"]
[Result "1/2-1/2"]
[Board "18"]
[WhiteFideId "2510340"]
[BlackFideId "1801899"]
[WhiteElo "1648"]
[BlackElo "1956"]
[WhiteTeam "IRL"]
[BlackTeam "WLS"]
[WhiteClock "0:16:43"]
[BlackClock "0:02:15"]
[Variant "Standard"]

1. e4 {[%clk 1:09:30]}  e6 {[%clk 1:30:50]} 2. d4 {[%clk 1:09:04]}  d5 {[%clk 1:31:13]} 3. Nc3 {[%clk 1:09:28]}  Nf6 {[%clk 1:31:30]} 4. e5 {[%clk 1:09:52]}  Nfd7 {[%clk 1:31:51]} 5. Nce2 {[%clk 1:10:16]}  c5 {[%clk 1:31:52]} 6. c3 {[%clk 1:10:34]}  Nc6 {[%clk 1:31:55]} 7. f4 {[%clk 1:10:50]}  cxd4 {[%clk 1:31:22]} 8. cxd4 {[%clk 1:09:52]}  Qb6 {[%clk 1:30:10]} 9. Nf3 {[%clk 1:08:13]}  Bb4+ {[%clk 1:28:32]} 10. Nc3 {[%clk 1:07:35]}  O-O {[%clk 1:23:07]} 11. g3 {[%clk 1:05:37]}  f6 {[%clk 1:18:03]} 12. a3 {[%clk 1:00:45]}  Bxc3+ {[%clk 1:04:30]} 13. bxc3 {[%clk 0:59:35]}  fxe5 {[%clk 1:04:47]} 14. fxe5 {[%clk 0:55:11]}  Ndxe5 {[%clk 1:03:57]} 15. dxe5 {[%clk 0:54:50]}  Nxe5 {[%clk 1:04:16]} 16. Bg2 {[%clk 0:54:56]}  Ng4 {[%clk 0:58:37]} 17. Qd4 {[%clk 0:53:26]}  Qb3 {[%clk 0:45:56]} 18. Nd2 {[%clk 0:47:25]}  Qb6 {[%clk 0:44:05]} 19. Qxb6 {[%clk 0:47:15]}  axb6 {[%clk 0:43:33]} 20. Nf3 {[%clk 0:47:13]}  e5 {[%clk 0:41:02]} 21. O-O {[%clk 0:47:06]}  e4 {[%clk 0:40:34]} 22. Nd4 {[%clk 0:46:56]}  Bd7 {[%clk 0:38:29]} 23. Bf4 {[%clk 0:43:43]}  Rfc8 {[%clk 0:37:24]} 24. Bd2 {[%clk 0:43:19]}  Ne5 {[%clk 0:36:59]} 25. Nf5 {[%clk 0:42:39]}  Re8 {[%clk 0:32:35]} 26. Nd6 {[%clk 0:40:25]}  Re6 {[%clk 0:28:33]} 27. Nf5 {[%clk 0:39:04]}  Nc4 {[%clk 0:27:25]} 28. Bc1 {[%clk 0:36:16]}  Rc8 {[%clk 0:25:32]} 29. Nd4 {[%clk 0:34:32]}  Ree8 {[%clk 0:25:25]} 30. a4 {[%clk 0:32:08]}  Ra8 {[%clk 0:25:07]} 31. Nf5 {[%clk 0:29:35]}  Rxa4 {[%clk 0:22:03]} 32. Rxa4 {[%clk 0:29:12]}  Bxa4 {[%clk 0:22:29]} 33. Ne3 {[%clk 0:29:07]}  Nxe3 {[%clk 0:20:33]} 34. Bxe3 {[%clk 0:29:27]}  b5 {[%clk 0:18:27]} 35. Bc5 {[%clk 0:28:27]}  Bb3 {[%clk 0:16:30]} 36. Bh3 {[%clk 0:27:43]}  h6 {[%clk 0:15:00]} 37. Bd7 {[%clk 0:25:32]}  Rd8 {[%clk 0:13:15]} 38. Bxb5 {[%clk 0:23:38]}  Rc8 {[%clk 0:11:28]} 39. Bd4 {[%clk 0:23:51]}  Bc4 {[%clk 0:08:12]} 40. Bxc4 {[%clk 0:23:33]}  Rxc4 {[%clk 0:07:56]} 41. Rf5 {[%clk 0:22:48]}  b5 {[%clk 0:06:40]} 42. Rxd5 {[%clk 0:22:23]}  b4 {[%clk 0:06:36]} 43. Rc5 {[%clk 0:21:35]}  Rxc5 {[%clk 0:06:30]} 44. Bxc5 {[%clk 0:21:57]}  bxc3 {[%clk 0:06:50]} 45. Bd4 {[%clk 0:21:31]}  c2 {[%clk 0:07:10]} 46. Bb2 {[%clk 0:21:54]}  Kf7 {[%clk 0:07:26]} 47. Kf2 {[%clk 0:22:18]}  Ke6 {[%clk 0:07:41]} 48. Ke3 {[%clk 0:22:18]}  Kf5 {[%clk 0:05:53]} 49. Kd2 {[%clk 0:22:33]}  Kg4 {[%clk 0:05:12]} 50. Kxc2 {[%clk 0:21:16]}  g6 {[%clk 0:05:06]} 51. Kd2 {[%clk 0:21:06]}  Kf3 {[%clk 0:04:26]} 52. Bd4 {[%clk 0:20:57]}  g5 {[%clk 0:02:10]} 53. Bc5 {[%clk 0:19:25]}  Kg2 {[%clk 0:00:50]} 54. Bd6 {[%clk 0:16:56]}  Kxh2 {[%clk 0:00:42]} 55. Ke3 {[%clk 0:17:20]}  Kh3 {[%clk 0:00:43]} 56. Kxe4 {[%clk 0:17:19]}  Kg4 {[%clk 0:01:02]} 57. Be5 {[%clk 0:16:43]}  h5 {[%clk 0:01:26]} 58. Bd6 {[%clk 0:16:36]}  h4 {[%clk 0:01:51]} 59. gxh4 {[%clk 0:16:43]}  gxh4 {[%clk 0:02:15]} 1/2-1/2

[Event "9 Round Open"]
[Site "Enniscrone, Sligo, IE"]
[Date "2026.02.02"]
[Round "1"]
[White "O`Flaherty, Kevin"]
[Black "Ashbrooke, Monika"]
[Result "1-0"]
[Board "19"]
[WhiteFideId "2502283"]
[BlackFideId "15600262"]
[BlackTitle "WCM"]
[WhiteElo "1956"]
[BlackElo "1628"]
[WhiteTeam "IRL"]
[BlackTeam "JCI"]
[WhiteClock "0:09:32"]
[BlackClock "0:08:32"]
[Variant "Standard"]

1. Nf3 {[%clk 1:30:49]}  e6 {[%clk 1:31:17]} 2. d4 {[%clk 1:31:20]}  f5 {[%clk 1:30:53]} 3. Bf4 {[%clk 1:31:32]}  Nf6 {[%clk 1:30:55]} 4. e3 {[%clk 1:31:55]}  Be7 {[%clk 1:30:08]} 5. h3 {[%clk 1:32:00]}  b6 {[%clk 1:30:32]} 6. Bd3 {[%clk 1:32:17]}  Bb7 {[%clk 1:30:13]} 7. Nbd2 {[%clk 1:32:15]}  Ne4 {[%clk 1:23:07]} 8. g4 {[%clk 1:09:20]}  Bh4 {[%clk 1:14:26]} 9. Bxe4 {[%clk 1:05:48]}  Bxe4 {[%clk 1:11:27]} 10. Nxe4 {[%clk 1:06:00]}  fxe4 {[%clk 1:10:56]} 11. Nxh4 {[%clk 1:06:21]}  Qxh4 {[%clk 1:11:04]} 12. Bxc7 {[%clk 1:06:40]}  O-O {[%clk 1:11:05]} 13. Bg3 {[%clk 1:06:11]}  Qe7 {[%clk 1:10:29]} 14. c3 {[%clk 1:04:57]}  d5 {[%clk 1:07:54]} 15. Qa4 {[%clk 0:57:20]}  Nd7 {[%clk 1:05:40]} 16. c4 {[%clk 0:52:45]}  Rac8 {[%clk 0:57:43]} 17. cxd5 {[%clk 0:51:40]}  exd5 {[%clk 0:57:34]} 18. O-O {[%clk 0:51:23]}  a5 {[%clk 0:49:47]} 19. Rac1 {[%clk 0:50:41]}  Qe6 {[%clk 0:46:51]} 20. Rc2 {[%clk 0:49:24]}  Rxc2 {[%clk 0:46:26]} 21. Qxc2 {[%clk 0:49:45]}  h5 {[%clk 0:44:43]} 22. Qe2 {[%clk 0:22:54]}  Rf3 {[%clk 0:44:29]} 23. Rc1 {[%clk 0:21:08]}  hxg4 {[%clk 0:44:09]} 24. h4 {[%clk 0:19:37]}  Qh6 {[%clk 0:30:46]} 25. Kg2 {[%clk 0:16:11]}  Nf8 {[%clk 0:21:41]} 26. Qb5 {[%clk 0:14:43]}  Rf5 {[%clk 0:07:43]} 27. Qc6 {[%clk 0:11:13]}  Ng6 {[%clk 0:06:55]} 28. Qe6+ {[%clk 0:10:02]}  Rf7 {[%clk 0:06:44]} 29. Rc8+ {[%clk 0:08:30]}  Nf8 {[%clk 0:07:00]} 30. Qxh6 {[%clk 0:07:41]}  gxh6 {[%clk 0:07:24]} 31. Bd6 {[%clk 0:08:00]}  h5 {[%clk 0:07:15]} 32. Rxf8+ {[%clk 0:08:12]}  Rxf8 {[%clk 0:07:40]} 33. Bxf8 {[%clk 0:08:36]}  Kxf8 {[%clk 0:08:07]} 34. Kg3 {[%clk 0:08:59]}  Ke7 {[%clk 0:08:06]} 35. Kf4 {[%clk 0:09:21]}  Kf6 {[%clk 0:08:32]} 36. a4 {[%clk 0:09:32]} 1-0

[Event "9 Round Open"]
[Site "Enniscrone, Sligo, IE"]
[Date "2026.02.02"]
[Round "1"]
[White "Mabhena, Vladimir"]
[Black "Machin Arbelo, Pedro Alexis"]
[Result "0-1"]
[Board "20"]
[WhiteFideId "2519143"]
[BlackFideId "2260972"]
[WhiteElo "1546"]
[BlackElo "1950"]
[WhiteTeam "IRL"]
[BlackTeam "ESP"]
[WhiteClock "0:29:08"]
[BlackClock "0:03:33"]
[Variant "Standard"]

1. e4 {[%clk 1:30:57]}  c5 {[%clk 1:30:42]} 2. Nf3 {[%clk 1:30:48]}  e6 {[%clk 1:31:05]} 3. c3 {[%clk 1:30:47]}  d5 {[%clk 1:30:44]} 4. e5 {[%clk 1:27:01]}  f6 {[%clk 1:23:33]} 5. d4 {[%clk 1:26:37]}  Nc6 {[%clk 1:23:38]} 6. Bb5 {[%clk 1:25:04]}  Bd7 {[%clk 1:23:39]} 7. Bxc6 {[%clk 1:24:44]}  bxc6 {[%clk 1:23:31]} 8. O-O {[%clk 1:24:34]}  Qb6 {[%clk 1:15:46]} 9. Qc2 {[%clk 1:13:05]}  cxd4 {[%clk 1:13:34]} 10. exf6 {[%clk 1:11:15]}  Nxf6 {[%clk 1:12:26]} 11. cxd4 {[%clk 1:11:21]}  c5 {[%clk 1:12:04]} 12. Be3 {[%clk 1:10:12]}  Rc8 {[%clk 1:09:26]} 13. Nc3 {[%clk 1:08:35]}  c4 {[%clk 0:58:28]} 14. Ne5 {[%clk 1:03:59]}  Bd6 {[%clk 0:56:04]} 15. Rfd1 {[%clk 1:01:43]}  O-O {[%clk 0:54:32]} 16. Rd2 {[%clk 0:53:26]}  Be8 {[%clk 0:50:23]} 17. h3 {[%clk 0:47:53]}  Nd7 {[%clk 0:41:10]} 18. f4 {[%clk 0:43:17]}  Nxe5 {[%clk 0:44:21]} 19. fxe5 {[%clk 0:43:30]}  Bxe5 {[%clk 0:43:58]} 20. Rf1 {[%clk 0:43:32]}  Bh2+ {[%clk 0:40:03]} 21. Kxh2 {[%clk 0:43:10]}  Rxf1 {[%clk 0:40:26]} 22. Rf2 {[%clk 0:42:56]}  Bg6 {[%clk 0:36:06]} 23. Qe2 {[%clk 0:42:36]}  Qd6+ {[%clk 0:18:04]} 24. Bf4 {[%clk 0:40:10]}  Rxf2 {[%clk 0:17:47]} 25. Qxf2 {[%clk 0:40:34]}  Rf8 {[%clk 0:17:45]} 26. g3 {[%clk 0:40:37]}  e5 {[%clk 0:08:36]} 27. dxe5 {[%clk 0:38:22]}  Qxe5 {[%clk 0:08:58]} 28. Qg2 {[%clk 0:34:46]}  Rxf4 {[%clk 0:06:42]} 29. gxf4 {[%clk 0:34:51]}  Qxf4+ {[%clk 0:07:10]} 30. Qg3 {[%clk 0:33:29]}  Qxg3+ {[%clk 0:06:40]} 31. Kxg3 {[%clk 0:33:51]}  d4 {[%clk 0:06:46]} 32. Nd1 {[%clk 0:31:29]}  Bc2 {[%clk 0:03:55]} 33. Nf2 {[%clk 0:31:09]}  Bb1 {[%clk 0:03:23]} 34. a3 {[%clk 0:31:24]}  c3 {[%clk 0:02:51]} 35. bxc3 {[%clk 0:30:33]}  dxc3 {[%clk 0:03:11]} 36. Kf3 {[%clk 0:30:49]}  Bf5 {[%clk 0:03:12]} 37. Ke2 {[%clk 0:30:17]}  Kf7 {[%clk 0:03:16]} 38. h4 {[%clk 0:30:03]}  Ke6 {[%clk 0:03:28]} 39. Kd1 {[%clk 0:30:08]}  Ke5 {[%clk 0:02:42]} 40. Kc1 {[%clk 0:30:18]}  Kd4 {[%clk 0:02:39]} 41. Nh1 {[%clk 0:30:02]}  Ke3 {[%clk 0:02:25]} 42. Ng3 {[%clk 0:30:15]}  Bg6 {[%clk 0:02:35]} 43. h5 {[%clk 0:29:03]}  Bd3 {[%clk 0:02:45]} 44. a4 {[%clk 0:28:35]}  Kf3 {[%clk 0:02:38]} 45. Nf1 {[%clk 0:28:45]}  Bxf1 {[%clk 0:02:43]} 46. Kc2 {[%clk 0:29:11]}  Kg4 {[%clk 0:02:50]} 47. Kxc3 {[%clk 0:29:19]}  Kxh5 {[%clk 0:03:13]} 48. Kd4 {[%clk 0:29:08]}  Kg4 {[%clk 0:03:33]} 0-1